00433nam a2200169Ia 4500003000400000008004100004040001600045082001600061100001900077245004300096260003200139300001000171650002700181650002200208650001900230650001400249GCL140319s9999 xx 000 0 eng d aGCL / cGCL04a928.62bG M1 aGHITANY, GAMAL10aMAHFOUZ PAR MAHFOUZ / cGHITANY, GAMAL a[S.N] : bSINDBAD ، c1991 a168 P04aLITERATURE - BIOGRAPHY04aARABIC LITERATURE04aNAGUIB MAHFOUZ04aBIOGRAPHY